| 000 | 00800nas a2200265 4500 | ||
|---|---|---|---|
| 001 | BR9704986 | ||
| 003 | BR-BrBNA | ||
| 005 | 20231205100601.0 | ||
| 007 | ta | ||
| 008 | 230509b bl.|||p| |||| 00| 00por d | ||
| 040 |
_aBR-BrBNA _bpor _cBiblioteca Nacional de Agricultura |
||
| 041 | _a(En) | ||
| 072 | _aF03 | ||
| 100 | 1 | _aLima, C.M.R. de | |
| 100 | 1 | _aBorghetti, F. | |
| 100 | 1 | _aSousa, M.V. de | |
| 245 | 1 | _aTemperature and germination of the leguminosae Enterolobium contortisiliquum | |
| 650 | _aTimbauva | ||
| 650 | _aSemente | ||
| 650 | _aDormencia da Semente | ||
| 650 | _aGerminacao | ||
| 773 | 0 |
_tRevista Brasileira de Fisiologia Vegetal (Brazil) _xISSN 0103-3131 _g(Aug 1997), v. 9(2) p. 97-102 _wBR9704986 |
|
| 909 |
_a202311 _bLúcia _c55 _dLúcia Elande |
||
| 942 |
_2AGRIS _n0 _cANA |
||
| 999 |
_c156832 _d156832 |
||